| 000 | 00907nam a22002537a 4500 | ||
|---|---|---|---|
| 003 | OSt | ||
| 005 | 20250702124957.0 | ||
| 008 | 200211s1996 ck ||||gr|||| 001 p spa d | ||
| 040 |
_aCO-JMCR _cCO-JMCR |
||
| 041 | 0 | _aspa | |
| 082 |
_aA-P _bVEGc |
||
| 100 | 1 |
_aVega Vélez, Carlos Mario, _eautor _9437 |
|
| 245 | 1 | 3 |
_aLa culta poetiparla / _cCarlos Mario Vega Vélez |
| 250 | _aPrimera edición | ||
| 260 |
_aBogotá : _bCoomeva, _c1996 |
||
| 300 |
_a324 páginas ; _c21 cm. |
||
| 500 | _aConversación entre Quevedo, Lope de Vega y León de Greiff | ||
| 500 | _aIncluye índice de sonetos y anexos: Lexicón de la poetiparla y lexicón incompleto de León de Greiff | ||
| 650 | 1 | 4 |
_aPoesía colombiana _ySiglo XX _9438 |
| 700 | 1 |
_aGreiff, León de, _d1895-1976 _9439 |
|
| 700 | 1 |
_aVega Carpio, Lope Félix de, _d1562-1635 _9440 |
|
| 700 | 1 |
_aQuevedo, Francisco de, _d1580-1645 _9441 |
|
| 942 |
_2ddc _cBK |
||
| 999 |
_c6490 _d6490 |
||